• 首页
  • 本馆介绍
  • 公告通知
  • 最新文献
  • 馆藏检索
  • 电子资源
  • 读者导购
  • 参考咨询
  • 我的图书馆
  • 登录
  • 详细信息显示
  • 放入我的书架
  • 预约/预借图书
  • 作者相关作品
  • 分类相关作品
  • 丛书相关作品
  • 出版社相关作品

书目信息

  • 表格格式
  • 工作单格式
  • 卡片格式
题名:
新路
    
 
作者:
分册:  
出版信息: 北京   人民美术出版社  1980
页数: 416页
开本: 25cm
丛书名:
单 册:
中图分类: J221 , I512.4
科图分类:
主题词: 绘画--中国--现代--画册 , 文学
电子资源:
ISBN:
000 00546nam0 2200229 45
001 1574833144
005 20150127222829.12
010    @dCNY1.35
091    @aCN@b8027.7518
100    @a19950227d1980 em y0chiy0121 ea
101 0  @achi
102    @aCN@b110000
105    @aa z 000yy
200 10 @a新路@Axin lu
210    @a北京@c人民美术出版社@d1980
215    @a416页@d25cm
606    @a绘画@y中国@z现代@x画册
606 0  @a文学
690    @aJ221@v3
690    @aI512.4@v4
801  0 @aCN@bTSSF@c20150127
905    @aZUCC@dI512.4@eJY125:1
    
    新路.-北京:人民美术出版社,1980
    416页;25cm
    
    
    ISBN :CNY1.35
    
●
相关链接 在E读中查询图书 在五车中查询图书 在当当中查询图书 在豆瓣中查询图书


正题名:新路     索取号:I512.4/JY125:1         预约/预借

序号 登录号 条形码 馆藏地/架位号 状态 备注
1 7850090   278500908   学院路分馆/ [索取号:I512.4/JY125:1] 在馆    
2 7850091   278500917   学院路分馆/ [索取号:I512.4/JY125:1] 在馆    
唐山师范学院图书馆 欢迎您!
大连网信软件有限公司© 版权所有